000 00413pab a2200169 454500
008 180718b2004 xxu||||| |||| 00| 0 eng d
100 _aMian, Zia
245 _aAt war with the world: nuclear weapons, development and security
260 _c2004
300 _ap.50-57.
362 _aMar
650 _aWar
650 _aState security
650 _aNuclear weapons
773 _aDevelopment
909 _a61903
999 _c61903
_d61903